Family Law (Record no. 671688)

MARC details
000 -LEADER
fixed length control field 00302nam a2200121Ia 4500
008 - FIXED-LENGTH DATA ELEMENTS--GENERAL INFORMATION
fixed length control field 230717s9999 xx 000 0 und d
020 ## - INTERNATIONAL STANDARD BOOK NUMBER
International Standard Book Number 1-874241-70-8
041 ## - LANGUAGE CODE
Language code of text/sound track or separate title eng
082 ## - DEWEY DECIMAL CLASSIFICATION NUMBER
Classification number 346.015
Item number CUR
100 ## - MAIN ENTRY--PERSONAL NAME
Personal name Curzon L.B
245 ## - TITLE STATEMENT
Title Family Law
260 ## - PUBLICATION, DISTRIBUTION, ETC.
Place of publication, distribution, etc. London
Name of publisher, distributor, etc. Cavendish Publishing Limited
Date of publication, distribution, etc. 1995
Holdings
Withdrawn status Lost status Damaged status Not for loan Collection Home library Current library Shelving location Date acquired Cost, normal purchase price Total Checkouts Full call number Barcode Date last seen Price effective from Koha item type
Withdrawn       NLP LL.B New Law College, Pune New Law College, Pune NLP-Rack No-27 31/03/2001 250.00   346.015 CUR NLP-N05584 17/07/2023 17/07/2023 Book